Statistics for Peppa pig quiz

Click here to take the quiz!

General Stats

  • This quiz has been taken 145 times
  • The average score is 5 of 9

Answer Stats

ClueCharacter% Correct
Peppa’s brotherGeorge
99%
Peppa’s best friendSuzy
85%
Peppa’s friend who lives in a hill and has a brotherRebecca
58%
Peppa’s brothers best friendRichard
50%
Peppa’s teacherMadam gazelle
47%
Peppa’s brothers clever friendEdmond
39%
Peppa’s wheelchair friendMandy
31%
Peppa’s penpalDelphine
24%
Peppa’s friend with 2 momsPenny
21%

Score Distribution

Percentile by Number Answered

Percent of People with Each Score

Your Score History

You have not taken this quiz